Регионална библиотека "Любен Каравелов" - Русе

Аритметика (Запис номер 435991)

MARC детайли
000 -Лидер
Контролно поле с фиксирана дължина nam a22 a 4500
003 - Код на организацията, давaща контролен номер
Контролно поле BLK
005 - Дата и час на последна редакция
Контролно поле 20221208031131.0
008 - Елементи от данни с фиксирана дължина
fixed length control field 210311b bu |||||r|||| 00| | bu d
040 ## - Източник на каталожния запис
Идентификатор на билиотеката - собственик на записа BLK
041 ## - Код за език
Код за езика на текст/звукозапис или на отделно заглавие Български
Код за езика КДБФ Български
080 ## - УДК
Текстов определител УДК Математика - учебници за основни училища
УДК код - определител по УДК 373.3.016:51
УДК определител (075.2)
УДК - код + определител 373.3.016:51(075.2)
100 ## - Редна дума - Автор
R(LIN) 1299
Автор Христова, Иванка Д.
Авторска отговорност първи автор
139 ## - Редно поле
Редна дума Христова, Иванка Д. и др.
Авторски знак Христова - Х 79
245 ## - Сведения за заглавието
Заглавие Аритметика
Подзаглавни данни Учебник за I кл. на помощните у-ща
Редно поле (дума) Иванка Д. Христова, Вяра Кузманова, Люба Бъчварова
250 ## - Област на изданието
Сведения за изданието 3. изд.
260 ## - Област на издателските данни
9 (RLIN) 216179
Място на издаване, разпространение и проч. София
Име на издателя, разпространителя и проч. Нар. просв.
Година на издаване 1958
300 ## - Физическа характеристика
Страници 98 с.
Илюстрации и др. с ил., 2 л. отд. прил.
Размери/Мащаб 24 см
380 ## - Жанр
Жанр Обществени науки
650 #0 - Допълнително описание по предмет – тема
9 (RLIN) 403349
Основно описание – тема или топоним Аритметика - учебници за помощните училища
653 #7 - Ключова дума – ненормативна
9 (RLIN) 181258
Ключова дума аритметика
653 #7 - Ключова дума – ненормативна
9 (RLIN) 187950
Ключова дума І кл.
700 ## - Други автори (авторска отговорност)
Лично име Кузманова, Вяра
Автороска отговорност (Описва отношението между автора и произведението) съавт.
9 (RLIN) 1445
700 ## - Други автори (авторска отговорност)
Лично име Бъчварова, Люба
Автороска отговорност (Описва отношението между автора и произведението) съавт.
9 (RLIN) 1445
852 ## - Местоположение
Форматна сигнатура Цб 12347
Фондова буква Основен фонд - ползва се само за читалня
999 ## - СИСТЕМНИ КОНТРОЛНИ НОМЕРА
Koha biblionumber 435991
Koha biblioitemnumber 435991
942 ## - АРТИКУЛИ
Вид на библиотечния материал Книги
Скрит в OPAC Не
Периодичен библиозапис Да
944 ## - СЪЗДАВАНЕ И РЕДАКЦИЯ на ЗАПИСА
Създаване/Редакция Създаване
Дата на регистрацията/редакция 2021-11-08
Служител, извършил регистрацията/редакцията ВЙ
Наличности
Код за отписване Код за изгубен артикул Източник на класификационната схема Код за повреда Коз за рестрикции Код за отдаване Артикулен № Име на библиотеката - собственик Име на библиотеката, в която се намира в момента Статус (Текущо местоположение) Дата на вписване в системата Местоположение - отдел Цена в лева Инвентарен номер Систематично азбучна сигнатура Баркод Цена в евро Служебен тип на артикула
  Не е изгубен Universal Decimal Classification Не е повреден само за читалня ползва се в читалня 860918 Регионална библиотека "Любен Каравелов" Русе Регионална библиотека "Любен Каравелов" Русе Хранилище 2021-11-09 Основен фонд - ползва се само за читалня 0.35 15545/58 Цб 12347 900000082101 0.18 Книги
Vip Innovations Ltd, Rousse, Bulgaria 2025